| 000 | 02218cam a22003254i 4500 | ||
|---|---|---|---|
| 003 | PE-LiUPU | ||
| 005 | 20251126155418.0 | ||
| 008 | 2022xxxxes pe a rb 000 0 spa d | ||
| 020 | _a9788412496697 | ||
| 035 | _aPE-LiUPU000014 | ||
| 040 |
_aPE-LiUPU _bspa _cPE-LiUPU _erda |
||
| 082 | 0 | 4 |
_a664 _bM183c _223 |
| 100 |
_aMadrid Vicente, Antonio, _eautor. _96898 |
||
| 245 | 1 | 0 |
_aCurso de formación en tecnología de los alimentos : _bcon ejercicios prácticos resueltos / _cpor Antonio Madrid. |
| 264 | 1 |
_aMadrid : _bAMV Ediciones, _c2022. |
|
| 300 |
_a417 páginas : _bilustraciones ; _c24 cm |
||
| 336 |
_atexto _2rdacontent |
||
| 337 |
_aunmediated _2rdamedia |
||
| 338 |
_avolumen _2rdacarrier |
||
| 504 | _aIncluye índice, ejercicios prácticos y soluciones al final del libro. | ||
| 505 | 0 | _aLos Alimentos -- Alimentos antioxidantes, funcionales y transgénicos -- El Etiquetado nutricional -- Los Aditivos -- Seguridad alimentaria y trazabilidad -- Sistema APPCC -- La leche -- Los productos lácteos -- Los Helados -- Carnes y productos cárnicos -- El Pescado y sus productos derivados -- Huevos y ovoproductos -- Mermeladas, jaleas y miel -- Zumos, néctares y ketchup -- Productos de Bollería, pastelería, galletas, caramelos, chicles, etc... -- Aceites y grasas -- El Café -- Frutos secos -- Condimentos y especias -- Equipamiento industrial en las industrias alimentarias -- Soluciones a ejercicios prácticos. | |
| 520 | _aCurso completo y actualizado sobre tecnología de los alimentos. Aborda desde conceptos básicos de nutrición, seguridad alimentaria, etiquetado y aditivos, hasta procesos de fabricación industrial y control de calidad. Incluye ejercicios prácticos con soluciones. Dirigido a estudiantes, técnicos y profesionales del sector alimentario. | ||
| 650 | 0 |
_aTecnología de los alimentos. _96899 |
|
| 650 | 0 |
_aProcesamiento de alimentos. _96900 |
|
| 650 | 0 |
_aAditivos alimentarios. _96901 |
|
| 650 | 0 |
_aEtiquetado de alimentos. _96902 |
|
| 856 | 4 | 0 |
_uhttps://www.amvediciones.com/producto/curso-tecnologia-de-los-alimentos _zFicha editorial en línea. |
| 942 |
_2ddc _cBK |
||
| 980 |
_621515 _aROMINA COBOS Adquisiciones _818226 _gJaime Vilcazán Jefe de Análisis Documental |
||
| 999 |
_c63056 _d63055 |
||